| 000 | 00554nam a2200205Ia 4500 | ||
|---|---|---|---|
| 003 | GCL | ||
| 008 | 140319s9999 xx 000 0 eng d | ||
| 020 | _a0500283141 | ||
| 040 |
_aGCL / _cGCL |
||
| 082 | 0 | 4 |
_a006.68 _bL C |
| 100 | 1 | _aLACEY, JOEL | |
| 245 | 1 | 0 |
_aTHE COMPLETE GUIDE TO DIGITAL IMAGING / _cLACEY, JOEL |
| 260 |
_aانجلترا : _bTHAMES AND HUDSON ، _c2002 |
||
| 300 |
_a32 CM ؛ _c224 P |
||
| 650 | 0 | 4 | _aCOMPUTER PROGRM |
| 650 | 0 | 4 | _aCOMPUTER GRAPHICS |
| 650 | 0 | 4 | _aGRAPHIC - DESIGN |
| 650 | 0 | 4 | _aSOFTWARE DESIGN |
| 942 |
_2ddc _cBK |
||
| 999 |
_c6583 _d6583 |
||